000 00265nam a2200109Ia 4500
008 230302s9999 xx 000 0 und d
082 _a004.4038AIT
100 _aAitken (Iain)
245 _aValue Driven IT Management
260 _aN.Y.
_b ELSEVIER
365 _cRS
999 _c151853
_d151853